Statistiques concernant Nommez tous les pays qui ...

Cliquez ici pour prendre le quiz!

Statistiques générales

  • Ce quiz a été pris 1 531 fois
  • Le résultat moyen est 31 sur 47

Statistiques - réponses

AllusionRepondre% Correct
... ont remporté la Coupe du Monde de la FIFABresil
97%
Bresil
97%
Bresil
97%
Portugal
96%
France
94%
Norvege
94%
Suede
94%
Finlande
93%
... ont une population de plus de 200 millions d'habitantsChine
92%
Venezuela
90%
Allemagne
89%
Inde
89%
... est un pays nordiqueDanemark
88%
Etats-Unis
88%
Islande
88%
Madagascar
85%
Argentine
81%
Italie
81%
Vatican
80%
Espagne
79%
Cap-Vert
76%
... est une île et se trouve en AfriqueCap-vert
76%
Hongrie
70%
... Commencez par VVanuatu
70%
... Partager une frontière avec la SlovaquieAutriche
67%
Pologne
66%
Seychelles
64%
Uruguay
63%
Comores
62%
Maurice
61%
Angleterre
60%
Indonesie
60%
Sao Tome
57%
Sao Tome
57%
Ukraine
49%
... Parler portugaisAngola
48%
Viet-nam
48%
Tchequie
47%
Pakistan
46%
Nigeria
42%
Mozambique
27%
Guatemala
26%
Guinee-Bissau
21%
Guyane
20%
Botswana
13%
Timor Oriental
10%
... a son capital commençant par GBurundi
9%

Distribution des résultats

Percentile par nombre de réponses

% des personnes avec chaque résultat

Votre développement - résultats

Vous n’avez pas pris ce quiz